Poľnohospodárska politika Európskych spoločenstiev

Hlavné princípy spoločnej poľnohospodárskej politiky ES zakotvené v Rímskej zmluve (na základe ktorej sa v r. 1957 vytvorilo EHS) - vybudovanie jednotného trhu poľnohospodárskych výrobkov, preferencia poľnohospodárskej produkcie ES a finančná solidarita. Hlavné nástroje spoločnej poľnohospodárskej p...

Celý popis

Uložené v:
Podrobná bibliografia
Hlavný autor: Šíbl, Drahoš
Médium: Kapitola
Jazyk:Slovak
Predmet:
Tagy: Pridať tag
Žiadne tagy, Buďte prvý, kto otaguje tento záznam!

MARC

LEADER 00000naa a2200000 4500
001 r000976
005 20221214064733.2
041 0 |a slo 
044 |a SK 
245 1 0 |a Poľnohospodárska politika Európskych spoločenstiev  |c Drahoš Šíbl 
520 |a Hlavné princípy spoločnej poľnohospodárskej politiky ES zakotvené v Rímskej zmluve (na základe ktorej sa v r. 1957 vytvorilo EHS) - vybudovanie jednotného trhu poľnohospodárskych výrobkov, preferencia poľnohospodárskej produkcie ES a finančná solidarita. Hlavné nástroje spoločnej poľnohospodárskej politiky ES, organizácia trhu a ceny poľnohospodárskej produkcie. Štruktúrne zmeny poľnohospodárstva. Financovanie spoločnej poľnohospodárskej politiky, Európsky poľnohospodársky a garančný fond. Príčíny nevyhnutnosti reformy spoločnej poľnohospodárskej politiky a jej uskutočňovanie. 
610 2 0 |a Európske spoločenstvá 
610 2 0 |a politika poľnohospodárska 
610 2 0 |a mechanizmus trhový 
610 2 0 |a ceny 
610 2 0 |a výrobky poľnohospodárske 
610 2 0 |a financovanie 
610 2 0 |a zmeny štruktúrne 
100 1 |a Šíbl, Drahoš